[Event "Saint Louis Blitz 2020"]
[Site "Saint Louis"]
[Date "2020.09.19"]
[Round "14"]
[White "Nepomniachtchi, Ian"]
[Black "Xiong, Jeffery"]
[Result "0-1"]
[WhiteElo "2784"]
[BlackElo "2709"]
[Annotator "TA"]
[PlyCount "46"]
[EventDate "2020.09.18"]
[EventType "blitz"]
[EventCountry "USA"]
[SourceTitle "playchess.com"]
[Source "ChessBase"]
[SourceQuality "1"]

{[%evp 15,46,21,2,-6,37,34,33,48,50,53,45,36,50,45,73,60,91,26,33,32,32,24,42,-466,-460,-732,-725,-831,-816,-29984,-29985,-29985,-29986]} 1. e4 e5 2. Bc4 Nf6 3. d3 Bc5 4. Nc3 Nc6 5. f4 d6 6. Nf3 Bg4 7. Na4 Bb6 {7...Bxf3 is the hot move.} 8. Nxb6 axb6 9. a3 {C30: King's Gambit Declined.} d5 $5 {[%mdl 4] An interesting side line.} 10. exd5 Nxd5 11. O-O {White is slightly better.} ({Much worse is} 11. fxe5 Nxe5 12. O-O O-O $15) 11... O-O 12. h3 $1 {[%cal Rh3g4]} Bxf3 13. Qxf3 Nxf4 14. Bxf4 {[#] Strongly threatening Be3.} exf4 15. Qxf4 {[%cal Rc4f7]} Qd4+ {[#]} 16. Rf2 $146 ({White should play} 16. Qxd4 $16 Nxd4 17. Rae1) ({Predecessor:} 16. Qxd4 Nxd4 17. Rae1 b5 18. Ba2 b4 19. Re7 bxa3 20. bxa3 Nxc2 21. Rxc7 Nxa3 22. Rxb7 {1-0 (39) Kislinsky,A (2502)-Nowak,M (2015) Wroclaw 2018}) 16... Qxb2 $11 17. Re1 Qxa3 18. Qxc7 {[%cal Rf2f7]} Qc5 19. Qxb7 $2 {[%mdl 8192] This move loses the game for White.} (19. Bxf7+ $14 {keeps the upper hand.} Kh8 20. Ref1) 19... Ra7 $19 20. Bxf7+ (20. d4 $142 Qxc4 21. Qxb6) 20... Kh8 21. d4 Qxd4 (21... Rxb7 $2 {loses.} 22. dxc5 Rbb8 23. cxb6 $18) (21... Qc3 22. Re8 $17) 22. Re8 Rxe8 ({Not} 22... Rxb7 23. Rxf8#) 23. Qxc6 {[#]} Rf8 $1 {Accuracy: White = 40%, Black = 82%.} 0-1

[Event "Saint Louis Blitz 2020"]
[Site "Saint Louis"]
[Date "2020.09.19"]
[Round "14"]
[White "Grischuk, Alexander"]
[Black "Nakamura, Hikaru"]
[Result "1/2-1/2"]
[WhiteElo "2777"]
[BlackElo "2736"]
[Annotator "TA"]
[PlyCount "88"]
[EventDate "2020.09.18"]
[EventType "blitz"]
[EventCountry "USA"]
[SourceTitle "playchess.com"]
[Source "ChessBase"]
[SourceQuality "1"]

{[%evp 12,88,16,4,14,16,33,35,21,15,38,35,16,0,0,0,0,0,20,0,0,-7,-8,-8,0,0,0,-54,-47,-50,0,0,0,0,0,0,0,0,0,0,0,0,0,-8,0,-9,0,0,0,0,0,0,0,0,0,0,0,0,0,0,0,0,0,0,0,0,0,0,0,0,0,0,0,0,0,0,0,0,0]} 1. d4 Nf6 2. c4 e6 3. Nc3 Bb4 4. e3 O-O 5. Bd3 c5 6. Nf3 d5 7. cxd5 cxd4 {E53: Nimzo-Indian: Rubinstein: Main Line (4...0-0 5 Nf3 d5 6 Bd3 c5 7 0-0).} 8. exd4 Nxd5 9. O-O Nc6 {White is slightly better.} 10. Bc2 Be7 11. Qd3 {[%csl Gc2][%cal Rd3h7] [#]} g6 12. a3 Bf6 13. Bh6 Bg7 14. Bxg7 Kxg7 15. Bb3 {[#]} Nce7 $146 {[%cal Bc6e7,Be7d5,Bd5f6][%mdl 32]} ({Predecessor:} 15... Nxc3 16. Qxc3 Qf6 17. Ne5 Nxe5 18. dxe5 Qe7 19. Rac1 Bd7 20. Qc7 Rac8 21. Qxb7 {1-0 (68) Gresova,Z (1873)-Nikel,R (2079) Banska Stiavnica 2017}) 16. Nxd5 Nxd5 17. Qe4 Nf6 18. Qe5 Bd7 19. d5 ({White should try} 19. Qe3 $11) 19... exd5 $15 20. Bxd5 Qb6 (20... Re8 $5 {[%cal Re8e5]} 21. Qd4 Bb5 $15) 21. b4 {The position is equal.} Bb5 22. Rfe1 Rad8 23. Bb3 Bc6 24. Qc3 Rc8 25. h3 Bd5 26. Qd3 Rfd8 27. Bxd5 Rxd5 28. Qb3 Qd6 29. Rad1 Rd8 {[%cal Rd5d1]} 30. Rxd5 Qxd5 31. Qb2 Qd6 32. Re2 Qf4 33. Rd2 Rxd2 34. Nxd2 Kg8 35. Qc3 Ne4 36. Nxe4 Qxe4 $11 {[%mdl 4096] Endgame KQ-KQ} 37. g3 h5 38. h4 a6 39. a4 Qd5 40. a5 Qe4 41. Qc8+ Kg7 42. Qc3+ Kg8 43. Qc8+ Kg7 44. Qc3+ Kg8 {Accuracy: White = 97%, Black = 97%.} 1/2-1/2

[Event "Saint Louis Blitz 2020"]
[Site "Saint Louis"]
[Date "2020.09.19"]
[Round "14"]
[White "Aronian, Levon"]
[Black "Harikrishna, Pentala"]
[Result "1-0"]
[WhiteElo "2773"]
[BlackElo "2732"]
[Annotator "TA"]
[PlyCount "74"]
[EventDate "2020.09.18"]
[EventType "blitz"]
[EventCountry "USA"]
[SourceTitle "playchess.com"]
[Source "ChessBase"]
[SourceQuality "1"]

{[%evp 11,74,6,5,0,0,0,6,0,7,-4,-4,-4,1,7,30,25,25,27,22,16,21,20,26,22,52,46,67,65,90,75,64,31,29,25,44,55,47,39,39,27,103,102,97,66,83,32,60,59,75,80,95,52,103,54,64,61,72,59,495,493,493,493,510,449,29993]} 1. e4 c5 2. Nf3 d6 3. c3 Nf6 4. h3 g6 5. Bd3 Bg7 6. Bc2 e5 7. d4 {B50: Sicilian: 2...d6, Miscellaneous.} exd4 8. cxd4 O-O 9. O-O {The position is equal.} cxd4 10. Nxd4 d5 11. e5 Ne4 12. Bf4 {[#]} Nc6 $146 (12... Nd7 {is more complex.} 13. Nf3 Ndc5 14. Nc3 Nxc3 15. bxc3 b6) ({Predecessor:} 12... Re8 13. Bxe4 dxe4 14. Nc3 Bxe5 15. Bxe5 Rxe5 16. Nf3 Re8 17. Nxe4 Nc6 18. Qa4 Qe7 {½-½ (63) Marjanovic,S (2505)-Xu,J (2495) Subotica 1987}) 13. Nxc6 bxc6 14. Bxe4 dxe4 15. Qxd8 Rxd8 16. Nc3 e3 17. fxe3 Bf5 18. Rac1 Bd3 19. Rfd1 c5 20. Na4 c4 21. b3 cxb3 22. axb3 Be2 23. Rxd8+ Rxd8 24. Rc7 h6 25. Nc5 {aiming for e6.} Re8 (25... Rd1+ $11 {remains equal.} 26. Kf2 Rd2) 26. Kf2 $16 Bb5 27. Rxa7 g5 28. Bg3 (28. e6 $16 fxe6 29. Bd6) 28... Rc8 29. b4 Bf8 30. Ra5 Bc4 31. Kg1 Rb8 (31... Bxc5 $14 32. bxc5 Bd5) 32. Nd7 Bxb4 33. Ra4 Bb3 34. Ra6 Rd8 $2 {[%mdl 8192] [#] This move loses the game for Black.} ({Black should try} 34... Rb5 $14) 35. Nf6+ $1 $18 {White is clearly winning.} Kg7 36. Rb6 Rd1+ 37. Kh2 Bc3 {Accuracy: White = 76%, Black = 63%.} (37... Rd8 $18 38. Rxb4 Be6) 1-0

[Event "Saint Louis Blitz 2020"]
[Site "Saint Louis"]
[Date "2020.09.19"]
[Round "14"]
[White "Dominguez Perez, Leinier"]
[Black "Carlsen, Magnus"]
[Result "1/2-1/2"]
[WhiteElo "2758"]
[BlackElo "2863"]
[Annotator "TA"]
[PlyCount "61"]
[EventDate "2020.09.18"]
[EventType "blitz"]
[EventCountry "USA"]
[SourceTitle "playchess.com"]
[Source "ChessBase"]
[SourceQuality "1"]

{[%evp 9,61,31,34,18,18,29,26,18,32,24,64,20,13,-27,-18,-39,-25,-38,-46,-59,-59,-92,-51,-105,-73,-110,-108,-112,-124,-146,-111,-143,-110,-109,-101,-98,0,0,0,0,0,0,0,0,0,0,0,0,0,0,0,0,0,0]} 1. e4 e5 2. Nf3 Nc6 3. Bb5 Nge7 4. Nc3 Ng6 5. d4 exd4 6. Nxd4 {C60: Ruy Lopez: Unusual Black 3rd moves and 3...g6.} Nxd4 7. Qxd4 c6 8. Be2 {White has an edge.} Qb6 9. Qd3 d6 10. O-O Be7 {[#]} 11. Be3 $146 ({Predecessor:} 11. a4 O-O 12. a5 Qc7 13. Be3 Ne5 14. Qd2 f5 15. Bf4 Ng6 16. Bg5 fxe4 17. Nxe4 {0-1 (62) Abreu,N (1970)-Rodi,L (2344) Maraba 2016}) 11... Qxb2 12. f4 {And now a3 would win.} Qa3 13. Bd4 O-O 14. Rad1 {[%cal Ba1d1,Bd1d6,Bd6h6][%mdl 32]} Qa5 15. Qg3 {White wants to play f5.} Bh4 16. Qf3 (16. Qd3 $15) 16... c5 $17 17. Bf2 Bxf2+ 18. Rxf2 {[#]} Nxf4 $1 {[%mdl 512]} 19. Rxd6 (19. Qxf4 Qxc3) 19... Nxe2+ 20. Nxe2 Qxa2 21. Nc3 {[%cal Be2c3,Bc3d5,Bd5f6][%mdl 32]} Qa5 22. Nd5 {[#]} h6 {[#]} ({Better is} 22... Kh8 $1 $17 23. Rf1 b6 24. Qxf7 Bf5) 23. Rxh6 $1 $11 {[%cal Rd5e7][%mdl 512] The position is equal.} Qa1+ (23... gxh6 24. Nf6+) 24. Rf1 {[%cal Rd5e7]} Qd4+ 25. Kh1 {[%cal Rd5e7]} gxh6 26. Nf6+ $1 Kg7 27. Qg3+ Kh8 {aiming for ...Rd8.} 28. Qf4 {[%cal Rf4h6]} Kg7 29. Qg3+ Kh8 {Hoping for ...Rd8.} 30. Qf4 {[%cal Rf4h6]} Kg7 31. Qg3+ {Accuracy: White = 65%, Black = 65%.} 1/2-1/2

[Event "Saint Louis Blitz 2020"]
[Site "Saint Louis"]
[Date "2020.09.19"]
[Round "14"]
[White "Firouzja, Alireza"]
[Black "So, Wesley"]
[Result "1/2-1/2"]
[WhiteElo "2728"]
[BlackElo "2770"]
[Annotator "TA"]
[PlyCount "82"]
[EventDate "2020.09.18"]
[EventType "blitz"]
[EventCountry "USA"]
[SourceTitle "playchess.com"]
[Source "ChessBase"]
[SourceQuality "1"]

{[%evp 9,82,18,18,11,15,7,19,14,23,9,9,16,18,16,16,15,20,13,13,9,11,1,6,0,5,5,0,0,0,0,0,0,0,0,0,-20,-12,-11,-10,-26,-24,-36,-32,-28,-39,-43,-16,-18,-4,-4,-4,-5,-4,-4,-4,-4,0,-4,-4,-10,-4,-11,0,0,0,-9,-9,-9,-2,-19,0,0,0,0,0]} 1. e4 e5 2. Nf3 Nc6 3. Bb5 Nf6 4. d3 Bc5 5. Bxc6 dxc6 6. O-O {C65: Ruy Lopez: Berlin Defence (3...Nf6), unusual lines and 4 0-0 Bc5.} Nd7 7. c3 O-O 8. d4 Bd6 9. Bg5 f6 10. Bh4 Qe7 11. Re1 a5 12. Nbd2 Qf7 13. Bg3 Re8 {[#]} 14. b3 $146 ({Predecessor:} 14. Qc2 Nf8 15. c4 c5 16. d5 a4 17. Nb1 Bd7 18. Qd2 g5 19. Nc3 Ng6 20. a3 {½-½ (46) Sherwood,H (2372)-Jones,I (2380) ICCF email 2018}) 14... a4 15. Qc2 axb3 16. axb3 Rxa1 17. Rxa1 exd4 18. cxd4 Nb6 19. h3 Bxg3 20. fxg3 Be6 21. Ra7 Rb8 22. Kh2 h6 23. b4 Nc8 24. Ra1 Nd6 25. Rf1 Nb5 26. Nb1 Rd8 27. Qb2 $1 Qd7 {[%cal Rb5d4]} 28. Rd1 {The position is equal.} f5 29. exf5 Bxf5 30. Nc3 Be6 31. Nxb5 cxb5 32. Qc3 Qd6 33. Ne5 Bd5 34. Rd2 c6 35. Rf2 Rf8 36. Rxf8+ Qxf8 37. Qd2 Qf5 38. Nd3 Kf7 39. Qe3 b6 40. Ne5+ Kg8 41. Qe2 Kf8 {Accuracy: White = 100%, Black = 97%.} 1/2-1/2

[Event "Saint Louis Blitz 2020"]
[Site "Saint Louis"]
[Date "2020.09.19"]
[Round "15"]
[White "Carlsen, Magnus"]
[Black "Harikrishna, Pentala"]
[Result "1-0"]
[WhiteElo "2863"]
[BlackElo "2732"]
[Annotator "TA"]
[PlyCount "93"]
[EventDate "2020.09.18"]
[EventType "blitz"]
[EventCountry "USA"]
[SourceTitle "playchess.com"]
[Source "ChessBase"]
[SourceQuality "1"]

{[%evp 11,93,0,0,-21,-16,-27,0,0,-11,-16,0,-6,0,-53,0,0,-2,0,89,77,75,89,74,79,95,89,87,82,183,185,194,190,195,197,191,164,162,155,209,191,226,197,185,195,207,186,183,146,266,279,297,290,297,295,294,290,283,275,294,283,294,253,254,251,305,301,326,325,494,476,522,522,459,468,622,585,704,693,794,770,2082,2525,12847,12847]} 1. e4 e6 2. d4 d5 3. e5 c5 4. c3 Qb6 5. Nf3 Nc6 6. Bd3 cxd4 7. O-O {C02: French: Advance Variation.} Bd7 8. Nbd2 $5 {[%mdl 4] Leaves trodden paths.} Rc8 {[#]} 9. Nb3 $146 {[%cal Rb3d4] The position is equal.} ({Predecessor:} 9. cxd4 Nb4 10. Bb1 Bb5 11. Re1 Nd3 12. Bxd3 Bxd3 13. Nb3 Bc2 14. Qe2 Bb4 15. Bd2 Bxb3 16. Bxb4 Qxb4 17. axb3 {½-½ (32) Novy,V (2107)-Micka,V (1982) Plzen 2003}) 9... dxc3 10. bxc3 Qc7 11. Re1 Nge7 12. h4 (12. Qe2 $11) 12... Ng6 (12... Na5 $15) 13. Qe2 $11 Be7 14. h5 $36 {[%mdl 2048] White has some pressure.} Ngxe5 (14... Nh4 $11) 15. Nxe5 $16 {White stays focused until the end.} Qxe5 16. Qxe5 Nxe5 17. Rxe5 Bf6 18. Re3 Rxc3 19. Rb1 d4 {[#]} (19... Rc7 $16) 20. Rg3 $1 $18 O-O 21. Bb2 Rfc8 22. Bxc3 dxc3 23. Rd1 Bc6 24. Bc2 Kf8 (24... Bd5 $16 25. a3 Kf8) 25. Re3 b6 26. Nd4 Bd5 27. a4 (27. Bxh7 $6 g6 $14) 27... g6 28. hxg6 hxg6 29. Nb5 Rc4 (29... a6 $16 {keeps fighting.}) 30. Nxa7 Rb4 31. Nb5 Rb2 32. Rc1 ({Resist} 32. Nxc3 $6 Rxc2 33. Nxd5 exd5 $18) 32... Bg5 33. Nxc3 Bxe3 34. fxe3 Bc6 35. Be4 Bd7 36. Bd3 Bc6 37. Rc2 Rb4 38. Bb5 Bxb5 39. axb5 {[%mdl 4096] Endgame KRN-KR} ({Much less strong is} 39. Nxb5 $6 Rxa4 40. Rc7 Ra1+ 41. Kf2 e5 $18) 39... Rc4 (39... Ke7 {was called for.} 40. Kf2 f5) 40. Kf2 {White is clearly winning.} Ke7 41. Ke2 f5 42. Kd3 Rb4 43. Ra2 Kf6 44. Ra6 Rb2 45. Rxb6 Rxg2 46. Nd5+ Ke5 {[#]} 47. Nf4 $1 {[%mdl 64] Double Attack. Accuracy: White = 89%, Black = 47%.} 1-0

[Event "Saint Louis Blitz 2020"]
[Site "Saint Louis"]
[Date "2020.09.19"]
[Round "15"]
[White "So, Wesley"]
[Black "Grischuk, Alexander"]
[Result "1/2-1/2"]
[WhiteElo "2770"]
[BlackElo "2777"]
[Annotator "TA"]
[PlyCount "43"]
[EventDate "2020.09.18"]
[EventType "blitz"]
[EventCountry "USA"]
[SourceTitle "playchess.com"]
[Source "ChessBase"]
[SourceQuality "1"]

{[%evp 13,43,0,0,0,0,0,0,0,0,0,2,0,0,0,0,-34,-22,-31,-14,-54,-48,-52,-41,-40,-29,-289,0,-9,0,0,9,6]} 1. d4 Nf6 2. c4 e6 3. Nc3 Bb4 4. Qc2 O-O 5. e4 d5 6. e5 Ne4 7. Bd3 c5 8. Nf3 $1 {8.Nf3 is better than 8.Nge2. E32: Nimzo-Indian: Classical (4 Qc2): 4...0-0.} cxd4 9. Nxd4 Nd7 {[%cal Bb8d7,Bd7e5,Be5g4][%mdl 32]} 10. Bf4 Qh4 11. g3 Qh5 $132 {[%mdl 2048] Black is not holding back} 12. O-O g5 13. cxd5 gxf4 14. Bxe4 Nxe5 15. dxe6 Bxe6 16. Nce2 ({Don't play} 16. Nxe6 fxe6 17. gxf4 (17. Bxb7 Rab8 $17) 17... Ng4 $17) 16... Ng4 $1 {[%csl Gg4][%cal Rh5h2] [#]} 17. Nf3 $1 {[#]} fxg3 $146 ({Predecessor:} 17... Rac8 18. Nxf4 Rxc2 19. Nxh5 Rxb2 20. Rab1 Rxb1 21. Bxb1 Bc5 22. Nf4 Bc4 23. Rc1 Bxf2+ {0-1 (46) Antal,T (2363)-Boruchovsky,A (2539) Karpacz 2015}) 18. hxg3 Rac8 19. Qa4 $2 {[%mdl 8192]} (19. Qb1 $11 {and White has nothing to worry.}) 19... Bd6 $2 ({Better is} 19... Rc4 $19 20. Bxb7 Bc5) 20. Rac1 $11 {The position is equal.} Rxc1 21. Rxc1 Ne5 22. Rc3 {Accuracy: White = 66%, Black = 92%.} 1/2-1/2

[Event "Saint Louis Blitz 2020"]
[Site "Saint Louis"]
[Date "2020.09.19"]
[Round "15"]
[White "Dominguez Perez, Leinier"]
[Black "Firouzja, Alireza"]
[Result "0-1"]
[WhiteElo "2758"]
[BlackElo "2728"]
[Annotator "TA"]
[PlyCount "98"]
[EventDate "2020.09.18"]
[EventType "blitz"]
[EventCountry "USA"]
[SourceTitle "playchess.com"]
[Source "ChessBase"]
[SourceQuality "1"]

{[%evp 20,98,37,29,43,25,34,12,18,22,27,22,23,26,26,41,33,0,0,0,22,17,179,-58,-54,-57,-58,-67,-17,-57,-65,-76,-77,-98,-89,-92,-96,-106,-101,-147,-134,-190,-189,-187,-184,-182,-187,-162,-113,-97,-126,-104,-122,-123,-114,-131,-122,-129,-112,-596,-593,-571,-554,-29947,-204,-189,-123,-358,-358,-1075,-1075,-29970,-29971,-29972,-29973,-29978,-29979,-29981,-29982,-29989,-29989]} 1. e4 c5 2. Nf3 Nc6 3. d4 cxd4 4. Nxd4 Nf6 5. Nc3 d6 6. Bg5 e6 7. Qd2 a6 8. O-O-O Bd7 9. f3 Nxd4 10. Qxd4 Be7 11. h4 Qc7 {B67: Sicilian: Richter-Rauzer: 7...a6 8 0-0-0 Bd7, lines without 9 f4 Be7.} 12. Kb1 b5 13. Qd2 Rb8 $5 {[%mdl 4] The position is equal. An interesting side line.} 14. Bd3 b4 15. Ne2 a5 16. g4 {[#]} h5 $146 ({Predecessor:} 16... a4 17. Be3 Bc6 18. Nd4 Nd7 19. g5 Nc5 20. h5 Bd7 21. f4 Qb7 22. e5 dxe5 23. fxe5 {0-1 (41) Alboredo,J (2190)-Pranav,A (2309) Caleta 2020}) 17. gxh5 Nxh5 18. Bxe7 Kxe7 19. Rhg1 g6 20. Qg5+ Nf6 $2 {[#]} (20... Kf8 $11 {and Black is okay.}) 21. Nf4 $2 (21. e5 $1 $18 {[%mdl 512]} dxe5 22. Ng3) 21... Qc5 $1 $15 22. Rde1 {Hoping for e5.} Qxg5 $1 23. hxg5 Ne8 (23... Nh5 $5 {[%cal Rh5f4]} 24. Ne2 e5 $15) 24. Rh1 Nc7 25. Bc4 Bb5 $40 {[%mdl 128] Black has strong attack.} 26. Bxb5 {Bc6 is the strong threat.} Rxh1 27. Rxh1 Rxb5 $17 {[%mdl 4096] Endgame KRN-KRN} 28. Rg1 e5 29. Nd3 Ne6 30. b3 (30. Rg4 $17) 30... Rb8 $1 $19 31. Kb2 Rh8 $1 32. a3 bxa3+ $1 33. Kxa3 Nd4 34. f4 Nxc2+ 35. Ka4 Rh3 36. Rd1 Ne3 37. Rd2 exf4 $1 38. Nxf4 Rh4 39. Nd5+ $2 {[%mdl 8192]} (39. Rf2 $17) 39... Nxd5 40. Rxd5 Rxe4+ 41. Kxa5 {[#] KR-KR} Ke6 $2 (41... Re5 $1 {mates} 42. Rb5 f6 43. gxf6+ Kxf6 44. b4 g5 45. Rxe5 dxe5 46. b5 e4 47. Kb4 Ke6 48. Kc3 g4 49. Kd2 Kd6 50. Ke2 g3 51. Ke1 e3 52. Kf1 Kd5 53. b6 Kc6 54. Ke2 g2 55. b7 Kxb7 56. Kxe3 g1=Q+ 57. Kf3 Kc6 58. Ke4 Qg4+ 59. Ke3 Kc5 60. Kd2 Qf3 61. Kc2 Kc4 62. Kb2 Qf2+ 63. Ka3 Qg2 64. Ka4 Qa8#) 42. Rb5 d5 (42... Re5 $19 43. b4 Kf5 44. Rxe5+ dxe5) 43. b4 $2 {[#]} (43. Rb6+ $17 {is a better defense.} Ke5 44. Rb7) 43... d4 $1 {[%cal Rd4d3] Strongly threatening ...d3.} 44. Rb8 $2 (44. Rb6+ Ke5 45. Rb5+ Kf4 46. Rd5) 44... d3 45. Re8+ Kd5 {Black mates.} 46. Rd8+ Kc4 47. b5 Re5 48. Rc8+ Rc5 49. Rb8 d2 {Accuracy: White = 48%, Black = 78%.} 0-1

[Event "Saint Louis Blitz 2020"]
[Site "Saint Louis"]
[Date "2020.09.19"]
[Round "15"]
[White "Nakamura, Hikaru"]
[Black "Nepomniachtchi, Ian"]
[Result "1/2-1/2"]
[WhiteElo "2736"]
[BlackElo "2784"]
[Annotator "TA"]
[PlyCount "51"]
[EventDate "2020.09.18"]
[EventType "blitz"]
[EventCountry "USA"]
[SourceTitle "playchess.com"]
[Source "ChessBase"]
[SourceQuality "1"]

{[%evp 9,51,0,0,0,8,-15,9,0,0,0,0,0,0,0,0,0,0,0,0,-10,-12,-18,0,0,0,0,0,0,0,0,0,-10,0,-27,-5,-4,0,0,0,-3,-7,-27,0,0]} 1. e4 c5 2. Nf3 d6 3. Nc3 Nf6 4. h3 a6 5. a4 Nc6 (5... e6 6. d4 cxd4 7. Nxd4 Be7 8. g4 h6 9. Bg2 Nc6 10. Be3 Bd7 11. Nb3 Ne5 12. a5 Nc4 13. Bc1 Rc8 14. O-O {1-0 (46) Nakamura,H (2745)-Nepomniachtchi,I (2776) chess.com INT 2020}) 6. d4 {B50: Sicilian: 2...d6, Miscellaneous.} cxd4 7. Nxd4 Bd7 {[#]} 8. Nb3 $146 ({Predecessor:} 8. Be2 e6 9. Nb3 Be7 10. O-O O-O 11. a5 Rc8 12. Be3 Ne5 13. Bb6 Qe8 14. f4 {½-½ (36) Szczepanski,Z (2566)-Borstnik,A (2536) ICCF email 2011}) 8... g6 9. a5 Bg7 10. Be3 O-O 11. Be2 Be6 12. Bb6 Qc8 13. O-O Nd7 14. Na4 Bxb3 15. cxb3 Qe8 16. Qd2 Nxb6 17. Nxb6 Rd8 18. b4 Nd4 19. Bc4 e6 20. Rfe1 Qe7 21. Rad1 Rfe8 22. Re3 Qg5 23. Rd3 Qxd2 24. R3xd2 Nc6 $1 25. Rxd6 Bxb2 26. Rxd8 {A rather calm draw. Accuracy: White = 94%, Black = 95%.} 1/2-1/2

[Event "Saint Louis Blitz 2020"]
[Site "Saint Louis"]
[Date "2020.09.19"]
[Round "15"]
[White "Xiong, Jeffery"]
[Black "Aronian, Levon"]
[Result "1/2-1/2"]
[WhiteElo "2709"]
[BlackElo "2773"]
[Annotator "TA"]
[PlyCount "58"]
[EventDate "2020.09.18"]
[EventType "blitz"]
[EventCountry "USA"]
[SourceTitle "playchess.com"]
[Source "ChessBase"]
[SourceQuality "1"]

{[%evp 15,58,-9,-13,-27,23,19,14,13,17,7,21,14,15,0,0,0,7,0,0,0,5,0,0,0,0,0,0,0,0,0,0,0,0,0,0,0,0,0,0,0,0,0,0,0,0]} 1. e4 e5 2. Nf3 Nc6 3. d4 exd4 4. Nxd4 Nf6 5. Nxc6 bxc6 6. e5 Qe7 7. Qe2 Nd5 8. c4 {8.h4 deserves study. Played by Ian Nepomniachtchi in August 2020.} Ba6 9. f4 {C45: Scotch Game.} Nb6 10. b3 d5 {The position is equal.} 11. exd6 cxd6 12. Bb2 {[#]} O-O-O $146 ({Predecessor:} 12... Rg8 13. g3 O-O-O 14. Qxe7 Bxe7 15. Nc3 Rge8 16. O-O-O Bf6 17. Bg2 Re3 18. Kd2 Rde8 19. Bxc6 {½-½ (34) Vollmer,M (1625)-Pilch,F (1844) Vienna 2012}) 13. Qxe7 Bxe7 14. Nd2 ({Reject} 14. Bxg7 Rhe8 $17) 14... d5 15. O-O-O dxc4 16. Bxc4 Nxc4 17. Nxc4 f6 18. Kc2 Bxc4 19. bxc4 Bb4 20. Bc3 Bxc3 21. Kxc3 Rxd1 22. Rxd1 $11 {[%mdl 4096] Endgame KR-KR} Re8 23. g3 Kc7 24. Rd2 a5 25. c5 Re3+ 26. Kc4 Re4+ 27. Kc3 Re3+ 28. Kc4 Re4+ 29. Kc3 Re3+ {A rather calm draw. Accuracy: White = 100%, Black = 95%.} 1/2-1/2

[Event "Saint Louis Blitz 2020"]
[Site "Saint Louis"]
[Date "2020.09.19"]
[Round "16"]
[White "Carlsen, Magnus"]
[Black "Firouzja, Alireza"]
[Result "1/2-1/2"]
[WhiteElo "2863"]
[BlackElo "2728"]
[Annotator "TA"]
[PlyCount "75"]
[EventDate "2020.09.18"]
[EventType "blitz"]
[EventCountry "USA"]
[SourceTitle "playchess.com"]
[Source "ChessBase"]
[SourceQuality "1"]

{[%evp 19,75,27,28,28,25,29,32,32,46,8,8,8,9,9,22,15,19,15,15,15,15,15,15,15,15,15,15,1,15,15,10,0,10,6,15,0,2,-7,0,-17,-18,-28,-28,-58,-7,-11,-12,-54,0,-21,-8,-32,0,-17,0,-35,0,-25]} 1. e4 c6 2. d4 d5 3. exd5 cxd5 4. Bd3 Nc6 5. c3 Nf6 6. Bf4 Bg4 7. Qb3 Qd7 8. Nd2 e6 9. Ngf3 Bd6 10. Bxd6 Qxd6 11. O-O {B13: Caro-Kann: Exchange Variation and Panov-Botvinnik Attack.} O-O 12. Rfe1 Ne7 13. Ne5 {White is slightly better.} Bf5 {[#]} 14. a4 $146 ({Predecessor:} 14. Bf1 Rab8 15. a4 Ne4 16. Nxe4 Bxe4 17. a5 f6 18. Nd3 Bxd3 19. Bxd3 e5 20. c4 exd4 21. cxd5 {½-½ (45) Anand,V (2768)-Mamedyarov,S (2801) Saint Louis 2018}) 14... Bxd3 15. Nxd3 Rab8 16. a5 Ng6 17. g3 Rfc8 18. Qb4 Qxb4 19. Nxb4 Ne7 20. Nd3 Nf5 21. Ra4 Nd6 22. Kf1 Rc7 23. Ke2 g6 24. Rb4 Kg7 25. Ra1 (25. Nb3 {seems wilder.} Nd7 26. Ra4 g5 27. Kd1 g4 28. Kc2) 25... Nfe4 26. Nxe4 Nxe4 27. Ra3 Nd6 28. Nc5 {Strongly threatening Na6!} Re8 29. Rab3 {[%cal Rc5b7]} Ree7 30. f4 h6 31. Kf3 Kf6 (31... g5 $15) 32. g4 Kg7 33. Kg3 Kf6 (33... g5 $15) 34. h3 Kg7 35. Kg2 Kf6 36. Kg3 Kg7 37. Kg2 Kf6 38. Kg3 {Accuracy: White = 88%, Black = 92%.} 1/2-1/2

[Event "Saint Louis Blitz 2020"]
[Site "Saint Louis"]
[Date "2020.09.19"]
[Round "16"]
[White "Nepomniachtchi, Ian"]
[Black "So, Wesley"]
[Result "0-1"]
[WhiteElo "2784"]
[BlackElo "2770"]
[Annotator "TA"]
[PlyCount "58"]
[EventDate "2020.09.18"]
[EventType "blitz"]
[EventCountry "USA"]
[SourceTitle "playchess.com"]
[Source "ChessBase"]
[SourceQuality "1"]

{[%evp 9,58,-6,-6,-18,-14,-22,0,9,23,10,28,30,18,6,20,-9,-18,-43,-47,-47,-37,-35,-29,-28,-13,-27,-22,-33,-25,-141,-146,-142,-143,-202,-176,-177,-201,-188,-202,-179,-191,-436,-465,-465,-421,-419,-382,-354,-312,-315,-297]} 1. e4 e5 2. Nc3 Nf6 3. d4 exd4 4. Qxd4 Nc6 5. Qd3 Bc5 6. Bf4 {[#] C26: Vienna Game: 2...Nf6, sidelines .} O-O $146 ({Predecessor:} 6... d6 7. O-O-O Bxf2 8. Nf3 Bb6 9. Be2 h6 10. h3 Be6 11. Rhe1 Qd7 12. Nd5 Bxd5 13. exd5 {0-1 (32) Dubov,D (2699)-Nakamura,H (2736) chess24.com INT 2020}) 7. O-O-O Re8 8. f3 {The position is equal.} d6 9. Qd2 Be6 10. Kb1 a6 11. Nge2 b5 {[%cal Bb7b5,Bb5b4][%mdl 32]} 12. Nc1 Ne5 13. Bg5 h6 14. Be3 Bxe3 15. Qxe3 b4 16. N3e2 $1 a5 {[%cal Ba6a5,Ba5a4,Ba4a3][%mdl 32]} 17. Nf4 a4 18. h4 Qe7 19. g4 (19. Ncd3 $11 {keeps the balance.}) 19... a3 $17 {...axb2 is the strong threat.} 20. b3 {[#]} Bxg4 $1 {[%mdl 512]} 21. fxg4 (21. Be2 $17 {was called for.} Bd7 22. Rhg1) 21... Nexg4 $19 22. Qd4 c5 23. Qxd6 Qxd6 24. Rxd6 Nxe4 $40 {[%mdl 128] Black wants a kill.} 25. Rd7 $2 (25. Rd3) 25... Ngf2 (25... Nc3+ $2 26. Ka1 $19) 26. Bc4 Nxh1 27. Bxf7+ Kh7 {Hoping for ...Nc3+.} 28. Nce2 Nhg3 29. Bg6+ Kh8 {Accuracy: White = 64%, Black = 95%.} 0-1